000 00511nam a2200145Ia 4500
008 100204s9999 xx 000 0 und d
082 _b9548
100 _aशिरवळकर सुहास
245 _aहाय ओल्ड फ्रेंडस !
260 _b"रावजी प्रकाशन , डोंबिवली"
_c1987
300 _a163
630 _aहाय ओल्ड फ्रेंडस !
730 _aहाय ओल्ड फ्रेंडस !
942 _cBOOK
999 _c453984
_d453981